Combien de ville de la Manche (50) connais-tu ? - Statistiques

Statistiques générales
  • Ce quiz a été pris 14 fois
  • Le résultat moyen est 28 sur 445
Statistiques - réponses
Code postal Ville % Correct
50307 Avranches
79%
50000 Saint-Lô
79%
50108 Cherbourg-en-Cotentin
71%
50701 Valognes
71%
50200 Coutances
64%
50407 Granville
64%
50500 Carentan-les-Marais
36%
50340 Flamanville
36%
50440 La Hague
36%
50550 Saint-Vaast-la-Hougue
36%
50270 Barneville-Carteret
29%
50700 Brix
29%
50610 Jullouville
29%
50250 La Haye
29%
50310 Le Ham
29%
50170 Le Mont-Saint-Michel
29%
50430 Lessay
29%
50170 Pontorson
29%
50600 Saint-Hilaire-du-Harcouët
29%
50160 Torigny-les-Villes
29%
50180 Agneaux
21%
50230 Agon-Coutainville
21%
50290 Bréhal
21%
50740 Carolles
21%
50510 Cérences
21%
50800 Fleury
21%
50450 Gavray-sur-Sienne
21%
50450 Hambye
21%
50580 Le Mesnil
21%
50340 Les Pieux
21%
50310 Montebourg
21%
50410 Percy-en-Normandie
21%
50480 Sainte-Mère-Église
21%
50380 Saint-Pair-sur-Mer
21%
50260 Sottevast
21%
50150 Sourdeval
21%
50530 Bacilly
14%
50720 Barenton
14%
50760 Barfleur
14%
50000 Baudre
14%
50800 Beslon
14%
50370 Brécey
14%
50110 Bretteville
14%
50570 Cametours
14%
50750 Canisy
14%
50210 Cerisy-la-Salle
14%
50800 Champrepus
14%
50890 Condé-sur-Vire
14%
50710 Créances
14%
50420 Domjean
14%
50350 Donville-les-Bains
14%
50540 Ducey-Les Chéris
14%
50840 Fermanville
14%
50320 Folligny
14%
50530 Genêts
14%
50420 Gouvets
14%
50590 Hauteville-sur-Mer
14%
50320 La Haye-Pesnel
14%
50630 Le Vast
14%
50530 Lolif
14%
50570 Marigny-Le-Lozon
14%
50410 Montabot
14%
50590 Montmartin-sur-Mer
14%
50190 Périers
14%
50360 Picauville
14%
50770 Pirou
14%
50620 Pont-Hébert
14%
50630 Quettehou
14%
50660 Quettreville-sur-Sienne
14%
50140 Romagny Fontenay
14%
50800 Sainte-Cécile
14%
50480 Sainte-Marie-du-Mont
14%
50750 Sainte-Suzanne-sur-Vire
14%
50180 Saint-Gilles
14%
50240 Saint-James
14%
50620 Saint-Jean-de-Daye
14%
50300 Saint-Jean-de-la-Haize
14%
50810 Saint-Jean-d'Elle
14%
50530 Saint-Jean-le-Thomas
14%
50310 Saint-Marcouf
14%
50330 Saint-Pierre-Église
14%
50390 Saint-Sauveur-le-Vicomte
14%
50530 Sartilly-Baie-Bocage
14%
50310 Sortosville
14%
50700 Tamerville
14%
50340 Tréauville
14%
50700 Urville
14%
50300 Vains
14%
50800 Villedieu-les-Poêles-Rouffigny
14%
50680 Villiers-Fossard
14%
50680 Airel
7%
50760 Anneville-en-Saire
7%
50320 Beauchamps
7%
50420 Beaucoudray
7%
50210 Belval
7%
50340 Benoîtville
7%
50810 Bérigny
7%
50390 Besneville
7%
50560 Blainville-sur-Mer
7%
50800 Bourguenolles
7%
50260 Bricquebec-en-Cotentin
7%
50330 Brillevast
7%
50150 Brouains
7%
50330 Canteloup
7%
50570 Carantilly
7%
50330 Carneville
7%
50680 Cerisy-la-Forêt
7%
50870 Chavoy
7%
50800 Chérencé-le-Héron
7%
50700 Colomby
7%
50290 Coudeville-sur-Mer
7%
50670 Coulouvray-Boisbenâtre
7%
50220 Courtils
7%
50680 Couvains
7%
50690 Couville
7%
50110 Digosville
7%
50530 Dragey-Ronthon
7%
50310 Écausseville
7%
50310 Éroudeville
7%
50760 Gatteville-le-Phare
7%
50850 Ger
7%
50330 Gonneville-Le Theil
7%
50560 Gouville-sur-Mer
7%
50200 Gratot
7%
50340 Grosville
7%
50340 Helleville
7%
50700 Hémevez
7%
50320 Hocquigny
7%
50700 Huberville
7%
50510 Hudimesnil
7%
50540 Isigny-le-Buat
7%
50220 Juilley
7%
50520 Juvigny les Vallées
7%
50450 La Baleine
7%
50810 La Barre-de-Semilly
7%
50370 La Chapelle-Urée
7%
50800 La Colombe
7%
50800 La Lande-d'Airou
7%
50880 La Meauffe
7%
50630 La Pernelle
7%
50800 La Trinité
7%
50620 Le Dézert
7%
50370 Le Grand-Celland
7%
50870 Le Luot
7%
50450 Le Mesnil-Garnier
7%
50000 Le Mesnil-Rouxelin
7%
50140 Le Neufbourg
7%
50450 Lengronne
7%
50870 Le Parc
7%
50370 Le Petit-Celland
7%
50340 Le Rozel
7%
50370 Les Loges-sur-Brécey
7%
50640 Le Teilleul
7%
50300 Marcey-les-Grèves
7%
50690 Martinvast
7%
50410 Maupertuis
7%
50700 Montaigu-la-Brisette
7%
50450 Montaigu-les-Bois
7%
50760 Montfarville
7%
50680 Moon-sur-Elle
7%
50140 Mortain-Bocage
7%
50860 Moyon Villages
7%
50260 Négreville
7%
50390 Néhou
7%
50630 Octeville-l'Avenel
7%
50220 Pontaubault
7%
50300 Ponts
7%
50580 Port-Bail-sur-Mer
7%
50220 Précey
7%
50750 Quibou
7%
50520 Reffuveille
7%
50590 Regnéville-sur-Mer
7%
50760 Réville
7%
50680 Saint-André-de-l'Épine
7%
50240 Saint-Aubin-de-Terregatte
7%
50140 Saint-Barthélemy
7%
50140 Saint-Clément-Rancoudray
7%
50450 Saint-Denis-le-Gast
7%
50210 Saint-Denis-le-Vêtu
7%
50310 Saint-Floxel
7%
50370 Saint-Georges-de-Livoye
7%
50000 Saint-Georges-Montcocq
7%
50810 Saint-Germain-d'Elle
7%
50320 Saint-Jean-des-Champs
7%
50700 Saint-Joseph
7%
50240 Saint-Laurent-de-Terregatte
7%
50300 Saint-Ovin
7%
50530 Saint-Pierre-Langers
7%
50220 Saint-Quentin-sur-le-Homme
7%
50300 Saint-Senier-sous-Avranches
7%
50210 Savigny
7%
50340 Siouville-Hague
7%
50270 Sortosville-en-Beaumont
7%
50420 Tessy-Bocage
7%
50630 Teurthéville-Bocage
7%
50570 Thèreval
7%
50330 Théville
7%
50330 Tocqueville
7%
50470 Tollevast
7%
50450 Ver
7%
50330 Vicq-sur-Mer
7%
50410 Villebaudon
7%
50690 Virandeville
7%
50700 Yvetot-Bocage
7%
50620 Amigny
0%
50400 Anctoville-sur-Boscq
0%
50500 Appeville
0%
50170 Aucey-la-Plaine
0%
50480 Audouville-la-Hubert
0%
50630 Aumeville-Lestre
0%
50500 Auvers
0%
50500 Auxais
0%
50310 Azeville
0%
50270 Baubigny
0%
50500 Baupte
0%
50150 Beauficel
0%
50170 Beauvoir
0%
50420 Beuvrigny
0%
50360 Beuzeville-la-Bastille
0%
50160 Biéville
0%
50390 Biniville
0%
50480 Blosville
0%
50800 Boisyvon
0%
50750 Bourgvallées
0%
50480 Boutteville
0%
50200 Brainville
0%
50430 Bretteville-sur-Ay
0%
50260 Breuville
0%
50290 Bréville-sur-Mer
0%
50340 Bricquebosq
0%
50200 Bricqueville-la-Blouette
0%
50290 Bricqueville-sur-Mer
0%
50640 Buais-Les-Monts
0%
50200 Cambernon
0%
50210 Camprond
0%
50580 Canville-la-Rocque
0%
50390 Catteville
0%
50620 Cavigny
0%
50220 Céaux
0%
50530 Champeaux
0%
50510 Chanteloup
0%
50150 Chaulieu
0%
50330 Clitourps
0%
50200 Courcy
0%
50630 Crasville
0%
50220 Crollon
0%
50360 Crosville-sur-Douve
0%
50670 Cuves
0%
50750 Dangy
0%
50250 Doville
0%
50310 Émondeville
0%
50320 Équilly
0%
50360 Étienville
0%
50190 Feugères
0%
50580 Fierville-les-Mines
0%
50700 Flottemanville
0%
50310 Fontenay-sur-Mer
0%
50420 Fourneaux
0%
50310 Fresville
0%
50150 Gathemo
0%
50560 Geffosses
0%
50390 Golleville
0%
50190 Gonfreville
0%
50190 Gorges
0%
50620 Graignes-Mesnil-Angot
0%
50600 Grandparigny
0%
50450 Grimesnil
0%
50730 Hamelin
0%
50690 Hardinvast
0%
50570 Hauteville-la-Guichard
0%
50390 Hautteville-Bocage
0%
50340 Héauville
0%
50200 Heugueville-sur-Sienne
0%
50480 Hiesville
0%
50170 Huisnes-sur-Mer
0%
50310 Joganville
0%
50800 La Bloutière
0%
50360 La Bonneville
0%
50370 La Chaise-Baudouin
0%
50800 La Chapelle-Cécelin
0%
50190 La Feuillie
0%
50300 La Godefroy
0%
50410 La Haye-Bellefond
0%
50270 La Haye-d'Ectot
0%
50320 La Lucerne-d'Outremer
0%
50680 La Luzerne
0%
50160 Lamberville
0%
50510 La Meurdraquière
0%
50320 La Mouche
0%
50600 Lapenty
0%
50430 Laulne
0%
50200 La Vendelée
0%
50850 Le Fresne-Poret
0%
50320 Le Grippon
0%
50410 Le Guislain
0%
50510 Le Loreur
0%
50570 Le Lorey
0%
50520 Le Mesnil-Adelée
0%
50570 Le Mesnil-Amey
0%
50510 Le Mesnil-Aubert
0%
50110 Le Mesnil-au-Val
0%
50570 Le Mesnil-Eury
0%
50670 Le Mesnil-Gilbert
0%
50600 Le Mesnillard
0%
50220 Le Mesnil-Ozenne
0%
50620 Le Mesnil-Véneron
0%
50450 Le Mesnil-Villeman
0%
50160 Le Perron
0%
50250 Le Plessis-Lastelle
0%
50370 Les Cresnays
0%
50600 Les Loges-Marchis
0%
50270 Les Moitiers-d'Allonne
0%
50310 Lestre
0%
50260 L'Étang-Bertrand
0%
50320 Le Tanu
0%
50300 Le Val-Saint-Père
0%
50760 Le Vicel
0%
50480 Liesville-sur-Douve
0%
50700 Lieusaint
0%
50670 Lingeard
0%
50290 Longueville
0%
50260 Magneville
0%
50190 Marchésieux
0%
50220 Marcilly
0%
50410 Margueray
0%
50330 Maupertus-sur-Mer
0%
50500 Méautis
0%
50190 Millières
0%
50410 Montbray
0%
50490 Montcuit
0%
50200 Monthuchon
0%
50240 Montjoie-Saint-Martin
0%
50210 Montpinchon
0%
50810 Montrabot
0%
50570 Montreuil-sur-Lozon
0%
50250 Montsenelle
0%
50410 Morigny
0%
50700 Morville
0%
50600 Moulines
0%
50490 Muneville-le-Bingard
0%
50290 Muneville-sur-Mer
0%
50190 Nay
0%
50250 Neufmesnil
0%
50480 Neuville-au-Plain
0%
50250 Neuville-en-Beaumont
0%
50200 Nicorps
0%
50210 Notre-Dame-de-Cenilly
0%
50370 Notre-Dame-de-Livoye
0%
50690 Nouainville
0%
50390 Orglandes
0%
50660 Orval sur Sienne
0%
50210 Ouville
0%
50310 Ozeville
0%
50150 Perriers-en-Beauficel
0%
50340 Pierreville
0%
50220 Poilley
0%
50310 Quinéville
0%
50500 Raids
0%
50000 Rampan
0%
50260 Rauville-la-Bigot
0%
50390 Rauville-la-Place
0%
50390 Reigneville-Bocage
0%
50570 Remilly Les Marais
0%
50260 Rocheville
0%
50210 Roncey
0%
50170 Sacey
0%
50160 Saint-Amand-Villages
0%
50500 Saint-André-de-Bohon
0%
50380 Saint-Aubin-des-Préaux
0%
50300 Saint-Brice
0%
50730 Saint-Brice-de-Landelles
0%
50340 Saint-Christophe-du-Foc
0%
50680 Saint-Clair-sur-l'Elle
0%
50310 Saint-Cyr
0%
50720 Saint-Cyr-du-Bailleul
0%
50390 Sainte-Colombe
0%
50760 Sainte-Geneviève
0%
50620 Saint-Fromond
0%
50270 Saint-Georges-de-la-Rivière
0%
50680 Saint-Georges-d'Elle
0%
50720 Saint-Georges-de-Rouelley
0%
50700 Saint-Germain-de-Tournebut
0%
50480 Saint-Germain-de-Varreville
0%
50340 Saint-Germain-le-Gaillard
0%
50430 Saint-Germain-sur-Ay
0%
50190 Saint-Germain-sur-Sèves
0%
50390 Saint-Jacques-de-Néhou
0%
50270 Saint-Jean-de-la-Rivière
0%
50680 Saint-Jean-de-Savigny
0%
50370 Saint-Jean-du-Corail-des-Bois
0%
50670 Saint-Laurent-de-Cuves
0%
50420 Saint-Louet-sur-Vire
0%
50300 Saint-Loup
0%
50200 Saint-Malo-de-la-Lande
0%
50190 Saint-Martin-d'Aubigny
0%
50310 Saint-Martin-d'Audouville
0%
50750 Saint-Martin-de-Bonfossé
0%
50210 Saint-Martin-de-Cenilly
0%
50480 Saint-Martin-de-Varreville
0%
50800 Saint-Martin-le-Bouillant
0%
50690 Saint-Martin-le-Gréard
0%
50800 Saint-Maur-des-Bois
0%
50270 Saint-Maurice-en-Cotentin
0%
50670 Saint-Michel-de-Montjoie
0%
50250 Saint-Nicolas-de-Pierrepont
0%
50370 Saint-Nicolas-des-Bois
0%
50190 Saint-Patrice-de-Claids
0%
50270 Saint-Pierre-d'Arthéglise
0%
50200 Saint-Pierre-de-Coutances
0%
50810 Saint-Pierre-de-Semilly
0%
50400 Saint-Planchers
0%
50670 Saint-Pois
0%
50250 Saint-Sauveur-de-Pierrepont
0%
50510 Saint-Sauveur-la-Pommeraye
0%
50490 Saint-Sauveur-Villages
0%
50190 Saint-Sébastien-de-Raids
0%
50240 Saint-Senier-de-Beuvron
0%
50420 Saint-Vigor-des-Monts
0%
50700 Saussemesnil
0%
50200 Saussey
0%
50640 Savigny-le-Vieux
0%
50480 Sébeville
0%
50270 Sénoville
0%
50170 Servon
0%
50690 Sideville
0%
50340 Sotteville
0%
50870 Subligny
0%
50270 Surtainville
0%
50390 Taillepied
0%
50170 Tanis
0%
50500 Terre-et-Marais
0%
50690 Teurthéville-Hague
0%
50870 Tirepied-sur-Sée
0%
50660 Tourneville-sur-Mer
0%
50200 Tourville-sur-Sienne
0%
50620 Tribehou
0%
50480 Turqueville
0%
50760 Valcanville
0%
50250 Varenguebec
0%
50330 Varouville
0%
50310 Vaudreville
0%
50370 Vernix
0%
50430 Vesly
0%
50630 Videcosville
0%
50400 Yquelon
0%
Aucun quiz correspondant
Distribution des résultats
% des personnes avec chaque résultat
Percentile par nombre de réponses
Votre historique - résultats
Vous n’avez pas pris ce quiz